| 000 | 00462nam a2200145 a 4500 | ||
|---|---|---|---|
| 001 | 000031321 | ||
| 005 | 20200930062841.0 | ||
| 008 | 110620s1934 dr 000 | spa d | ||
| 040 |
_aDO-SdBNP _bspa _cBNPHU |
||
| 082 |
_axxx _bP328f |
||
| 100 | 1 |
_aPaulino, Pablo M. _957769 |
|
| 245 | 1 | 0 |
_aFunciones del Alcalde Pedaneo, de acuerdo con la ley / _cPablo M. Paulino. |
| 260 |
_aSanto Domingo : _bTalleres Tipográficos La Nación, _c1934. |
||
| 300 |
_a129 p. ; _c19 cm. |
||
| 999 |
_c30813 _d30813 |
||